000 00493nam a22001817a 4500
999 _c157873
_d157873
005 20181006145349.0
010 _aENG-124195
020 _a9789386338587
_c399.00
035 _aEN-107727
037 _bDABD/PUB
082 _aN
100 _aGhose, Sudhin N.
245 _aThe vermilion boat /
_cby Sudhin N. Ghose
260 _aNew Delhi
_bSpeaking Tiger
_c2017
270 _a4381/4 Ansari Road, Daryaganj,
_bNew Delhi
_e10002
300 _a313p.
_c21cm(pbk)
942 _2ddc
_cEN
_mGHO
_hN